000 00453nam a2200181Ia 4500
001 21723
003 IN-NITTTR
005 20251114233246.0
008 251113s9999||||xx |||||||||||||| ||eng||
040 _beng
040 _cIN-NITTTR
041 _aeng
082 _a624.1834 B833P
100 _aBruggeling, A. S. G.
245 0 _aPrefabrication with concrete. /
_cBruggeling, A. S. G., Huyghe, G. F.
700 _a Huyghe, G. F.
942 _2ddc
_cBK
999 _c24353
_d24353